000
00284nam a22001337a 4500
008
170310b xxu||||| |||| 00| 0 alb d
020
_a
9950000584
041
_a
alb
080
_a
616-002.77
100
_a
7
101
_a
SHM
245
_a
REUMATOLOGJIA
_c
REXHEPI, S
942
_2
udc
_c
BK
999
_c
7466
_d
7466